Minnesota Timberwolves All-Time Scoring Leaders - Statistics

General Stats
  • This quiz has been taken 43 times
  • The average score is 9 of 20
Answer Stats
Points Player % Correct
8113 Karl-Anthony Towns
100%
19201 Kevin Garnett
100%
8710 Andrew Wiggins
92%
6989 Kevin Love
77%
6777 Wally Szczerbiak
74%
3653 Ricky Rubio
69%
4201 Tom Gugliotta
51%
4183 Al Jefferson
38%
6216 Doug West
36%
4315 Isaiah Rider
33%
7161 Sam Mitchell
33%
4759 Christian Laettner
31%
3157 Terrell Brandon
31%
3405 Nikola Pekovic
28%
4888 Tony Campbell
23%
3935 Gorgui Dieng
18%
3689 Pooh Richardson
15%
3622 Anthony Peeler
13%
3350 Corey Brewer
13%
2957 Ryan Gomes
5%
No matching quizzes found
Score Distribution
Percent of People with Each Score
Percentile by Number Answered
Your Score History
You have not taken this quiz